000 00538nam a2200169 i 4500
001 32381
003 ES-MaACL
005 20230906154549.0
007 t|
008 030131s1931 sp |||| | spa d
100 1 _aBenito Martínez, José.
_927684
245 1 3 _aLa lucha biológica en fitopatología forestal
_b: principales hongos que pudieran ensayarse en España /
_cpor José Benito Martínez.
260 _aMadrid :
_b[s.n.,
_c1931]
300 _aP. 57-61. ;
_c24 cm.
650 4 _aHongos.
_9142487
852 _aES-MaACL
_j1525-F-31
999 _c32381
_d32381